| 000 | 00487 a2200157 4500 | ||
|---|---|---|---|
| 999 |
_c20 _d20 |
||
| 020 | _a0131898345 | ||
| 050 | _aBC108.COP 2005 | ||
| 100 |
_aCopi, Irving M. _eauthor |
||
| 245 |
_aIntroduction to logic / _cIrving M.Copi and Carl Cohen |
||
| 264 |
_aNew Jersey : _bPearson Prentice Hall, _c2005 |
||
| 300 |
_axx, 683p. : _bill. |
||
| 500 | _aIncludes Index and bibliographical references | ||
| 650 |
_aLogic- _xTextbooks |
||
| 700 |
_aCohen, Carl _eauthor |
||
| 942 |
_2lcc _cBK _e12th _h108 _iCOP _kBC |
||